[Event "Reunion op 16th"]
[Site "St Denis"]
[Date "2014.10.23"]
[Round "6"]
[White "Jourde, Michel"]
[Black "Andriandaza, Tombo Omar"]
[Result "1-0"]
[WhiteElo "1805"]
[BlackElo "1717"]
[PlyCount "121"]
[EventDate "2014.10.18"]
[EventType "swiss"]
[EventRounds "9"]
[EventCountry "RUF"]
[SourceTitle "EXT 2015"]
[Source "ChessBase"]
[SourceDate "2014.11.20"]
[SourceVersion "1"]
[SourceVersionDate "2014.11.20"]
[SourceQuality "1"]

1. e4 c6 2. d4 d5 3. Nc3 dxe4 4. Nxe4 Bf5 5. Ng3 Bg6 6. Nf3 Nd7 7. h4 h6 8. Bd3 Bxd3 9. Qxd3 e6 10. Bf4 Ngf6 11. 0-0-0 Qa5 12. Kb1 Nd5 13. Bd2 Nb4 14. Qb3 Qb6 15. Rhe1 Be7 16. Nf5 Nd5 17. Nxg7+ Kf8 18. Qxb6 axb6 19. Nh5 b5 20. c3 Kg8 21. g4 Kh7 22. g5 Kg6 23. Ng3 h5 24. Ng1 Bd6 25. Ne4 Be7 26. Nh3 Ra4 27. Bc1 Rha8 28. a3 Nf8 29. f4 Kf5 30. Nc5 Bxc5 31. dxc5 Ng6 32. Rd4 Rxd4 33. cxd4 Ra4 34. b4 Ra8 35. Kb2 Rd8 36. Bd2 Rd7 37. Kc2 Ndxf4 38. Nxf4 Nxf4 39. Re5+ Kg4 40. Re4 Kxh4 41. Bxf4 Kg4 42. Be3+ Kf5 43. Rf4+ Kg6 44. Rf6+ Kg7 45. Rh6 Rd5 46. Rxh5 Rf5 47. Rh1 f6 48. gxf6+ Rxf6 49. Kd3 Kg8 50. Ke4 Rf5 51. Rh6 Kf7 52. Rh7+ Ke8 53. Rxb7 Rh5 54. Ra7 e5 55. dxe5 Kd8 56. Ra6 Kc7 57. e6 Kb8 58. Rb6+ Kc7 59. Bf4+ Kd8 60. Bd6 Rh4+ 61. Kf5 1-0

[Event "Barcelona Sant Marti op-B 16th"]
[Site "Barcelona"]
[Date "2014.07.19"]
[Round "7"]
[White "Torres Julian, Marc"]
[Black "Jourde, Michel"]
[Result "0-1"]
[WhiteElo "1959"]
[BlackElo "1805"]
[PlyCount "47"]
[EventDate "2014.07.13"]
[EventType "swiss"]
[EventRounds "9"]
[EventCountry "ESP"]
[SourceTitle "CBM 161 Extra"]
[Source "ChessBase"]
[SourceDate "2014.08.29"]
[SourceVersion "1"]
[SourceVersionDate "2014.08.29"]
[SourceQuality "1"]

1. e4 Nf6 2. e5 Nd5 3. d4 d6 4. c4 Nb6 5. exd6 cxd6 6. Nc3 g6 7. a4 Bg7 8. a5 N6d7 9. Nf3 0-0 10. Bd3 Nc6 11. Be3 e5 12. dxe5 Ndxe5 13. Nxe5 Bxe5 14. f4 Bxc3+ 15. bxc3 Qe7 16. Kf2 Re8 17. Re1 Qh4+ 18. Kg1 Bg4 19. Qd2 Qh5 20. a6 bxa6 21. Rxa6 Bd7 22. Be2 Qh4 23. Bf3 Rac8 24. Qxd6 0-1